[Event "VL-2022/23"]
[Site "MVP"]
[Date "2022.10.23"]
[Round "1.1"]
[White "Lehmann, Ruben"]
[Black "Kist, Eike Andreas"]
[Result "0-1"]
[WhiteElo "1985"]
[BlackElo "1697"]
[PlyCount "70"]
[EventDate "2022.??.??"]
[EventType "team-tourn"]
[EventRounds "9"]
[EventCountry "GER"]
[WhiteTeam "HSG Stralsund"]
[BlackTeam "Think Rochade"]
[WhiteTeamCountry "GER"]
[BlackTeamCountry "GER"]

1. d4 Nf6 2. c4 c5 3. d5 b5 4. cxb5 a6 5. bxa6 g6 6. Nc3 Bg7 7. Nf3 O-O 8. e4 Qa5 9. Bd2 Bxa6 10. Bxa6 Qxa6 11. Qe2 d6 12. Qxa6 Nxa6 13. a3 Rfb8 14. Rb1 Rb7 15. Kd1 Ng4 16. Rf1 c4 17. h3 Ne5 18. Nxe5 Bxe5 19. Kc2 Nc5 20. Be3 Nd3 21. f4 Bg7 22. Rfd1 f5 23. exf5 gxf5 24. Rd2 h5 25. g4 hxg4 26. hxg4 fxg4 27. Rg2 Rb3 28. Rxg4 Kf7 29. Ne4 Bxb2 30. Ng5+ Ke8 31. Ne6 Kd7 32. Bd4 Bxd4 33. Rxb3 cxb3+ 34. Kxd3 b2 35. Rg1 Bxg1 0-1

[Event "VL-2022/23"]
[Site "MVP"]
[Date "2022.10.23"]
[Round "1.2"]
[White "Busch, Martin"]
[Black "Mehl, Ronald"]
[Result "1/2-1/2"]
[WhiteElo "2117"]
[BlackElo "2099"]
[PlyCount "79"]
[EventDate "2022.??.??"]
[EventType "team-tourn"]
[EventRounds "9"]
[EventCountry "GER"]
[WhiteTeam "Think Rochade"]
[BlackTeam "HSG Stralsund"]
[WhiteTeamCountry "GER"]
[BlackTeamCountry "GER"]

{[%evp 0,79,27,27,27,6,-1,24,24,21,21,21,6,7,48,41,39,37,26,-12,-9,-2,121,121,121,114,114,114,137,133,200,196,207,87,253,214,268,268,461,496,467,549,556,143,132,140,141,72,144,138,133,133,124,124,132,105,99,87,114,119,121,100,100,111,111,77,86,86,90,95,95,72,72,0,0,0,0,0,0,0,0,0]} 1. d4 Nf6 2. c4 e6 3. Nf3 d5 4. Nc3 Be7 5. Bf4 O-O 6. e3 Nbd7 7. Qc2 c6 8. O-O-O b6 9. Ng5 h6 10. h4 Ba6 11. cxd5 Bxf1 12. dxe6 Bc4 13. exd7 Qxd7 14. Be5 Rfd8 15. Bxf6 Bxf6 16. Nce4 hxg5 17. hxg5 Qe6 18. gxf6 gxf6 19. Ng3 Bxa2 20. Qh7+ Kf8 21. Nf5 Qc4+ 22. Kd2 Qb4+ 23. Kd3 Bc4+ 24. Ke4 Ke8 25. Qh8+ Kd7 26. Qxf6 Kc7 27. Kf3 Rd7 28. Rh6 Be6 29. d5 cxd5 30. Nd4 Kb7 31. b3 Rg8 32. Rh4 Qd6 33. Qf4 Rg6 34. Qxd6 Rxd6 {(=)} 35. Rc1 Bd7 36. b4 Rdf6+ 37. Rf4 Bg4+ 38. Kg3 Be2+ 39. Kh2 Bc4 40. Rxf6 1/2-1/2

[Event "VL-2022/23"]
[Site "MVP"]
[Date "2022.10.23"]
[Round "1.3"]
[White "Paulowitz, Bernd-Rainer"]
[Black "Celmer, Ole"]
[Result "1-0"]
[WhiteElo "1904"]
[BlackElo "1930"]
[PlyCount "49"]
[EventDate "2022.??.??"]
[EventType "team-tourn"]
[EventRounds "9"]
[EventCountry "GER"]
[WhiteTeam "HSG Stralsund"]
[BlackTeam "Think Rochade"]
[WhiteTeamCountry "GER"]
[BlackTeamCountry "GER"]

1. d4 Nf6 2. Bf4 e6 3. Nf3 d5 4. e3 c5 5. c3 Be7 6. Bd3 O-O 7. Nbd2 Nc6 8. Ne5 Qb6 9. Rb1 a5 10. O-O a4 11. a3 Rd8 12. Qf3 Na5 13. Bg5 c4 14. Bxf6 Bxf6 15. Bxh7+ Kxh7 16. Qh5+ Kg8 17. Qxf7+ Kh7 18. f4 Rd7 19. Nxd7 Bxd7 20. Rf3 Qd8 21. Rh3+ Bh4 22. Qh5+ Kg8 23. Rxh4 Qe8 24. Qh7+ Kf8 25. Nf3 1-0

[Event "VL-2022/23"]
[Site "MVP"]
[Date "2022.10.23"]
[Round "1.4"]
[White "Gazizov, Max"]
[Black "Bramhoff, Jakob"]
[Result "1/2-1/2"]
[WhiteElo "1689"]
[BlackElo "1659"]
[PlyCount "80"]
[EventDate "2022.??.??"]
[EventType "team-tourn"]
[EventRounds "9"]
[EventCountry "GER"]
[WhiteTeam "Think Rochade"]
[BlackTeam "HSG Stralsund"]
[WhiteTeamCountry "GER"]
[BlackTeamCountry "GER"]

1. d4 Nf6 2. c4 e6 3. Nc3 Bb4 4. Qc2 c5 5. a3 Qa5 6. axb4 Qxa1 7. bxc5 Nc6 8. Qd2 Nxd4 9. Qxd4 Qxc1+ 10. Nd1 O-O 11. e3 b6 12. Bd3 Qa1 13. cxb6 Qa5+ 14. Nc3 axb6 15. Nge2 Bb7 16. O-O d5 17. Ng3 dxc4 18. Qxc4 Ba6 19. Nb5 Rfc8 20. Qb3 Rc5 21. Nd4 Bxd3 22. Qxd3 Rd5 23. Qb1 Qa2 24. Qc1 Rc5 25. Qd2 Rd8 26. Qe2 h5 27. h4 Rcd5 28. Rc1 Rc5 29. Re1 Rdc8 30. Qd2 g6 31. e4 Rd8 32. e5 Ng4 33. Nxh5 Kh7 34. Qf4 Rxd4 35. Qxf7+ Kh6 36. Nf4 Nxe5 37. Rxe5 Qb1+ 38. Kh2 Rxe5 39. Qf8+ Kh7 40. Qf7+ Kh6 1/2-1/2

[Event "VL-2022/23"]
[Site "MVP"]
[Date "2022.10.23"]
[Round "1.6"]
[White "Morosova, Svetlana"]
[Black "Giese, Lothar"]
[Result "1-0"]
[WhiteElo "1675"]
[BlackElo "1892"]
[PlyCount "33"]
[EventDate "2022.??.??"]
[EventType "team-tourn"]
[EventRounds "9"]
[EventCountry "GER"]
[WhiteTeam "Think Rochade"]
[BlackTeam "HSG Stralsund"]
[WhiteTeamCountry "GER"]
[BlackTeamCountry "GER"]

1. d4 d5 2. Bf4 Bf5 3. e3 Nf6 4. c4 e6 5. Nc3 c6 6. Qb3 b6 7. Nf3 Bd6 8. Ne5 Bxe5 9. dxe5 Nh5 10. Bg3 Nxg3 11. hxg3 O-O 12. Be2 Nd7 13. f4 dxc4 14. Qxc4 Rc8 15. Rd1 Qe7 16. Ne4 Bxe4 17. Qxe4 1-0

[Event "VL-2022/23"]
[Site "MVP"]
[Date "2022.10.23"]
[Round "1.7"]
[White "Klepin, Wilfried"]
[Black "Ostrzinski, Jan"]
[Result "1-0"]
[WhiteElo "1907"]
[BlackElo "1532"]
[PlyCount "61"]
[EventDate "2022.??.??"]
[EventType "team-tourn"]
[EventRounds "9"]
[EventCountry "GER"]
[WhiteTeam "HSG Stralsund"]
[BlackTeam "Think Rochade"]
[WhiteTeamCountry "GER"]
[BlackTeamCountry "GER"]

1. d4 g6 2. Nf3 Bg7 3. Bf4 Nf6 4. e3 O-O 5. Bc4 d6 6. c3 Nbd7 7. h3 Nh5 8. Bh2 Nb6 9. Bb3 d5 10. Nbd2 Nf6 11. Bc2 c6 12. b3 Nfd7 13. O-O Re8 14. Ne5 f6 15. Nxg6 e5 16. Nh4 e4 17. Qh5 Nf8 18. Nf5 Bxf5 19. Qxf5 Ng6 20. Rae1 Rf8 21. f3 exf3 22. Rxf3 Qd7 23. Qh5 Qf7 24. Rg3 f5 25. Rf1 Ne7 26. Qxf7+ Rxf7 27. Rgf3 Raf8 28. g4 fxg4 29. Bxh7+ Kxh7 30. Rxf7 Rxf7 31. Rxf7 1-0

[Event "VL-2022/23"]
[Site "MVP"]
[Date "2022.10.23"]
[Round "1.2"]
[White "Mangold, Thomas"]
[Black "Schreiber, Nico"]
[Result "1-0"]
[WhiteElo "2012"]
[BlackElo "1831"]
[PlyCount "123"]
[EventDate "2022.??.??"]
[EventType "team-tourn"]
[EventRounds "9"]
[EventCountry "GER"]
[WhiteTeam "SSC Rostock"]
[BlackTeam "Mecklenburger Springer"]
[WhiteTeamCountry "GER"]
[BlackTeamCountry "GER"]

1. d4 d5 2. c4 e6 3. Nc3 Nf6 4. cxd5 exd5 5. Bg5 c6 6. Qc2 Be7 7. e3 h6 8. Bh4 O-O 9. Bd3 Re8 10. Bg3 Bd6 11. Nge2 Ne4 12. Nxe4 dxe4 13. Bxe4 Bb4+ 14. Nc3 Nd7 15. O-O Nf6 16. Bf3 Be6 17. a3 Bd6 18. Bxd6 Qxd6 19. Ne4 Nxe4 20. Bxe4 Rac8 21. Bh7+ Kh8 22. Bf5 Qd5 23. Bxe6 Rxe6 24. Rad1 a6 25. Qc5 Rg6 26. f3 Qe6 27. e4 Rg5 28. Qc3 Rd8 29. Rd2 Rg6 30. Rfd1 Qe7 31. b4 Qf6 32. Qe3 Qe7 33. d5 cxd5 34. Rxd5 Rxd5 35. Rxd5 Rc6 36. Rd1 Qc7 37. Qd2 Kh7 38. h3 Rc2 39. Qd7 Qg3 40. Qf5+ Qg6 41. Qxg6+ Kxg6 42. Rd7 f6 43. a4 a5 44. bxa5 Rc5 45. Rxb7 Rxa5 46. Rb4 Rc5 47. Rb5 Rc2 48. h4 h5 49. Ra5 Ra2 50. Kh2 Kh6 51. Ra6 Re2 52. a5 Kg6 53. Ra8 Ra2 54. Kg3 Kh6 55. a6 Kh7 56. a7 Kg6 57. Kf4 Ra5 58. g4 hxg4 59. fxg4 Kf7 60. Ke3 Ra4 61. Kd3 Ke7 62. Rg8 1-0

[Event "VL-2022/23"]
[Site "MVP"]
[Date "2022.10.23"]
[Round "1.4"]
[White "Wurst, Maximilian"]
[Black "Wulff, Jens-Peter"]
[Result "1/2-1/2"]
[WhiteElo "1723"]
[BlackElo "1726"]
[PlyCount "54"]
[EventDate "2022.??.??"]
[EventType "team-tourn"]
[EventRounds "9"]
[EventCountry "GER"]
[WhiteTeam "SSC Rostock"]
[BlackTeam "Mecklenburger Springer"]
[WhiteTeamCountry "GER"]
[BlackTeamCountry "GER"]

1. e4 g6 2. Nf3 Bg7 3. d4 d6 4. h3 a6 5. Nc3 Nd7 6. Bf4 c5 7. d5 b5 8. Qd2 Bb7 9. a4 b4 10. Nd1 Ngf6 11. Qe3 Nh5 12. Nd2 Nxf4 13. Qxf4 Ne5 14. Nc4 Nxc4 15. Bxc4 a5 16. Bb5+ Kf8 17. c4 Ba6 18. O-O Bxb5 19. axb5 a4 20. Ra2 a3 21. b3 h5 22. Qd2 Bd4 23. Kh2 Kg7 24. f4 e5 25. f5 Qf6 26. Qe2 g5 27. h4 g4 1/2-1/2

[Event "VL-2022/23"]
[Site "MVP"]
[Date "2022.10.23"]
[Round "1.5"]
[White "Kumbernuss, Torsten"]
[Black "Nour, Alaa"]
[Result "0-1"]
[WhiteElo "1562"]
[BlackElo "1774"]
[PlyCount "44"]
[EventDate "2022.??.??"]
[EventType "team-tourn"]
[EventRounds "9"]
[EventCountry "GER"]
[WhiteTeam "Mecklenburger Springer"]
[BlackTeam "SSC Rostock"]
[WhiteTeamCountry "GER"]
[BlackTeamCountry "GER"]

1. e4 e5 2. Nf3 Nc6 3. Bc4 Bc5 4. O-O d6 5. a3 Bg4 6. c3 a6 7. d3 Qd7 8. Nbd2 Nf6 9. b4 Ba7 10. Bb2 b5 11. Bd5 Nxd5 12. exd5 Ne7 13. c4 c6 14. dxc6 Nxc6 15. Qb3 O-O 16. Ng5 Nd4 17. Bxd4 Bxd4 18. Rae1 h6 19. Nge4 Kh7 20. h3 Bxh3 21. gxh3 Qxh3 22. Ng3 Qxg3+ 0-1

[Event "VL-2022/23"]
[Site "MVP"]
[Date "2022.10.23"]
[Round "1.3"]
[White "Schmidt, Paul"]
[Black "Kutschke, Peter"]
[Result "0-1"]
[WhiteElo "1849"]
[BlackElo "1993"]
[PlyCount "56"]
[EventDate "2022.??.??"]
[EventType "team-tourn"]
[EventRounds "9"]
[EventCountry "GER"]
[WhiteTeam "SAV Torgelow II"]
[BlackTeam "SF Schwerin II"]
[WhiteTeamCountry "GER"]
[BlackTeamCountry "GER"]

1. e4 d5 2. exd5 Nf6 3. d4 Nxd5 4. c4 Nb6 5. c5 N6d7 6. Nf3 e5 7. Bc4 Be7 8. dxe5 Nxc5 9. Qxd8+ Bxd8 10. Be3 Be6 11. Nbd2 Bxc4 12. Nxc4 Ne6 13. O-O-O Nc6 14. Rd2 Be7 15. a4 O-O 16. Rhd1 Rfd8 17. b3 Kf8 18. Rxd8+ Bxd8 19. Kc2 a6 20. Kc3 Be7 21. Kc2 b5 22. Nb2 Nb4+ 23. Kc3 c6 24. Nd4 Nd5+ 25. Kd3 Nxd4 26. Kxd4 Rd8 27. Rd2 Bb4 28. Bg5 f6 0-1

[Event "VL-2022/23"]
[Site "MVP"]
[Date "2022.10.23"]
[Round "1.4"]
[White "Helms, Sven"]
[Black "Troemer, Felix"]
[Result "1-0"]
[WhiteElo "1940"]
[BlackElo "1753"]
[PlyCount "47"]
[EventDate "2022.??.??"]
[EventType "team-tourn"]
[EventRounds "9"]
[EventCountry "GER"]
[WhiteTeam "SF Schwerin II"]
[BlackTeam "SAV Torgelow II"]
[WhiteTeamCountry "GER"]
[BlackTeamCountry "GER"]

1. e4 c5 2. d4 cxd4 3. c3 d3 4. Bxd3 Qc7 5. f4 e6 6. Nf3 d6 7. Qe2 Be7 8. O-O Nf6 9. Na3 a6 10. e5 dxe5 11. fxe5 Ng4 12. Nc4 b5 13. Nd6+ Bxd6 14. exd6 Qxd6 15. Qe4 Qc5+ 16. Nd4 e5 17. Qxa8 exd4 18. Qxb8 dxc3+ 19. Kh1 Nf2+ 20. Rxf2 Qxf2 21. Qxc8+ Ke7 22. Qc7+ Ke8 23. Bg5 f6 24. Qxc3 1-0

[Event "VL-2022/23"]
[Site "MVP"]
[Date "2022.10.23"]
[Round "1.6"]
[White "Jung, Werner"]
[Black "Bollnow, Alex"]
[Result "1-0"]
[WhiteElo "2004"]
[BlackElo "1659"]
[PlyCount "73"]
[EventDate "2022.??.??"]
[EventType "team-tourn"]
[EventRounds "9"]
[EventCountry "GER"]
[WhiteTeam "SF Schwerin II"]
[BlackTeam "SAV Torgelow II"]
[WhiteTeamCountry "GER"]
[BlackTeamCountry "GER"]

1. e4 c5 2. Nf3 Nc6 3. d4 cxd4 4. Nxd4 g6 5. Nc3 Bg7 6. Be3 Nf6 7. f3 O-O 8. Qd2 d5 9. Nxc6 bxc6 10. O-O-O Be6 11. Bh6 dxe4 12. Bxg7 Kxg7 13. Qxd8 Rfxd8 14. Rxd8 Rxd8 15. fxe4 Ng4 16. Be2 Ne5 17. b3 Rd4 18. Rd1 Rxd1+ 19. Kxd1 Kf6 20. h3 Kg5 21. Ke1 Kf4 22. Kf2 h5 23. g3+ Kg5 24. Bf1 f5 25. Bg2 fxe4 26. Nxe4+ Kf5 27. Ke3 Bd5 28. c4 Be6 29. Nc5 g5 30. Nxe6 Kxe6 31. Kd4 Kd6 32. c5+ Ke6 33. b4 g4 34. a4 Nf3+ 35. Bxf3 gxf3 36. Ke3 Kd5 37. g4 1-0

[Event "VL-2022/23"]
[Site "MVP"]
[Date "2022.10.23"]
[Round "1.7"]
[White "Massloch, Philipp"]
[Black "Voll, Andreas"]
[Result "1-0"]
[WhiteElo "1805"]
[BlackElo "1880"]
[PlyCount "67"]
[EventDate "2022.??.??"]
[EventType "team-tourn"]
[EventRounds "9"]
[EventCountry "GER"]
[WhiteTeam "SAV Torgelow II"]
[BlackTeam "SF Schwerin II"]
[WhiteTeamCountry "GER"]
[BlackTeamCountry "GER"]

1. e4 c5 2. Nc3 Nc6 3. f4 d6 4. Nf3 e6 5. Bb5 Bd7 6. O-O a6 7. Bxc6 Bxc6 8. d3 Nf6 9. Qe1 Be7 10. Qg3 Qb6 11. e5 Nh5 12. Qg4 g6 13. Rb1 O-O-O 14. Ng5 Bxg5 15. fxg5 dxe5 16. Rxf7 c4+ 17. Kh1 cxd3 18. cxd3 Kb8 19. Qe2 Qd4 20. Re7 Rhf8 21. Rxe6 Rf2 22. Be3 Rxe2 23. Bxd4 Rd2 24. Bxe5+ Ka8 25. d4 Bxg2+ 26. Kg1 Bc6 27. Rd1 Rg2+ 28. Kf1 Rxg5 29. d5 Bd7 30. Re7 Bh3+ 31. Ke1 Rf8 32. Kd2 Rf2+ 33. Kc1 Bf5 34. Re8+ 1-0

[Event "VL-2022/23"]
[Site "MVP"]
[Date "2022.10.23"]
[Round "1.8"]
[White "Schmidt, Arne"]
[Black "Schmekel, Matthias"]
[Result "1-0"]
[WhiteElo "1738"]
[BlackElo "1938"]
[PlyCount "77"]
[EventDate "2022.??.??"]
[EventType "team-tourn"]
[EventRounds "9"]
[EventCountry "GER"]
[WhiteTeam "SF Schwerin II"]
[BlackTeam "SAV Torgelow II"]
[WhiteTeamCountry "GER"]
[BlackTeamCountry "GER"]

1. Nf3 g6 2. g3 Bg7 3. d4 f5 4. c4 Nf6 5. Nc3 O-O 6. Bg2 d6 7. O-O Qe8 8. Qb3 c6 9. Rd1 Na6 10. e4 fxe4 11. Ng5 Rb8 12. Ngxe4 Nxe4 13. Nxe4 Qf7 14. Be3 h6 15. d5 c5 16. h3 Bd7 17. a4 Nb4 18. f4 a6 19. g4 b5 20. axb5 axb5 21. Ra5 bxc4 22. Qxc4 Bxb2 23. f5 g5 24. f6 Qe8 25. fxe7 Qxe7 26. Ra7 Be5 27. Bxc5 dxc5 28. Nxc5 Qf6 29. Qe4 Qf2+ 30. Kh1 Qc2 31. Qxc2 Nxc2 32. Nxd7 Rf7 33. Nxb8 Rxa7 34. Nc6 Ra1 35. Rxa1 Bxa1 36. d6 Bf6 37. d7 Kf7 38. Bd5+ Kg6 39. Be4+ 1-0

[Event "VL-2022/23"]
[Site "MVP"]
[Date "2022.10.23"]
[Round "1.1"]
[White "Stoevesand, Eric"]
[Black "Schinke, Andreas"]
[Result "1/2-1/2"]
[WhiteElo "1910"]
[BlackElo "2053"]
[PlyCount "61"]
[EventDate "2022.??.??"]
[EventType "team-tourn"]
[EventRounds "9"]
[EventCountry "GER"]
[WhiteTeam "SG Neubrandenburg"]
[BlackTeam "GW Wismar"]
[WhiteTeamCountry "GER"]
[BlackTeamCountry "GER"]

1. e4 d6 2. d4 Nf6 3. f3 Nbd7 4. Be3 e5 5. d5 Be7 6. Bd3 O-O 7. Ne2 c6 8. c4 Nc5 9. Nbc3 cxd5 10. cxd5 Ne8 11. g4 Bg5 12. Bf2 a6 13. b4 Nxd3+ 14. Qxd3 Bd7 15. a4 g6 16. h4 Be7 17. h5 f5 18. hxg6 hxg6 19. gxf5 gxf5 20. O-O-O f4 21. Rdg1+ Ng7 22. Kb2 Bf6 23. Rc1 Rf7 24. Kb3 Rc8 25. Qd2 Ne8 26. Nd1 Rxc1 27. Qxc1 Rg7 28. Nb2 Qc8 29. Qxc8 Bxc8 30. Nc4 Bd8 31. Rg1 1/2-1/2

[Event "VL-2022/23"]
[Site "MVP"]
[Date "2022.10.23"]
[Round "1.2"]
[White "Kliewe, Hans Juergen"]
[Black "Stoevesand, Peter"]
[Result "1/2-1/2"]
[WhiteElo "2111"]
[BlackElo "1754"]
[PlyCount "72"]
[EventDate "2022.??.??"]
[EventType "team-tourn"]
[EventRounds "9"]
[EventCountry "GER"]
[WhiteTeam "GW Wismar"]
[BlackTeam "SG Neubrandenburg"]
[WhiteTeamCountry "GER"]
[BlackTeamCountry "GER"]

1. d4 d5 2. Bf4 Nf6 3. e3 e6 4. Nf3 Be7 5. c4 O-O 6. Nc3 Nbd7 7. h3 b6 8. cxd5 exd5 9. Bd3 c5 10. Rc1 Bb7 11. O-O a6 12. Bb1 c4 13. a4 Bc6 14. Ne5 Qc8 15. e4 b5 16. Nxc6 Qxc6 17. e5 Ne8 18. Qh5 g6 19. axb5 axb5 20. Qf3 Nc7 21. Rfe1 Nb6 22. Bh6 Rfe8 23. Qg4 Qd7 24. e6 Nxe6 25. Nxb5 Bf6 26. Nc3 Re7 27. Rcd1 Rae8 28. Be3 Bg7 29. Rf1 Qd6 30. Qf3 Rd7 31. h4 Qe7 32. h5 Qh4 33. hxg6 hxg6 34. g3 Qh8 35. Ne2 Rb8 36. Kg2 Qh5 1/2-1/2

[Event "VL-2022/23"]
[Site "MVP"]
[Date "2022.10.23"]
[Round "1.3"]
[White "Schulz, Daniel"]
[Black "Borchert, Chris"]
[Result "1/2-1/2"]
[WhiteElo "1817"]
[BlackElo "2143"]
[PlyCount "87"]
[EventDate "2022.??.??"]
[EventType "team-tourn"]
[EventRounds "9"]
[EventCountry "GER"]
[WhiteTeam "SG Neubrandenburg"]
[BlackTeam "GW Wismar"]
[WhiteTeamCountry "GER"]
[BlackTeamCountry "GER"]

1. e4 d5 2. exd5 Qxd5 3. Nc3 Qa5 4. Bc4 Nf6 5. d3 c6 6. h3 Bf5 7. Nf3 e6 8. Bd2 h6 9. Qe2 Nbd7 10. O-O-O O-O-O 11. Nd5 Qa4 12. Nxf6 gxf6 13. Bb3 Qa6 14. Bc3 Bc5 15. Nd2 Qb6 16. Rhf1 Bd4 17. Bxd4 Qxd4 18. g4 Bg6 19. f4 f5 20. Nc4 Rhe8 21. Qf2 Nc5 22. Ne5 fxg4 23. Qxd4 Rxd4 24. hxg4 a5 25. Bc4 Kc7 26. c3 Rd6 27. d4 Nd7 28. Rh1 Rh8 29. Rde1 Nxe5 30. dxe5 Rdd8 31. f5 exf5 32. gxf5 Bxf5 33. Bxf7 Rd7 34. e6 Re7 35. Rh5 Bg4 36. Rh4 h5 37. Re4 Rd8 38. Rhxg4 hxg4 39. Rxg4 Rd5 40. Kc2 Rf5 41. Rd4 Rd5 42. Rg4 Re5 43. Rg8 R5xe6 44. Bxe6 1/2-1/2

[Event "VL-2022/23"]
[Site "MVP"]
[Date "2022.10.23"]
[Round "1.4"]
[White "Littke, Helmut"]
[Black "Rossmann, Andreas"]
[Result "1-0"]
[WhiteElo "2054"]
[BlackElo "2073"]
[PlyCount "79"]
[EventDate "2022.??.??"]
[EventType "team-tourn"]
[EventRounds "9"]
[EventCountry "GER"]
[WhiteTeam "GW Wismar"]
[BlackTeam "SG Neubrandenburg"]
[WhiteTeamCountry "GER"]
[BlackTeamCountry "GER"]

1. Nf3 d5 2. d4 c6 3. Bf4 Nf6 4. c3 Ne4 5. Nbd2 Qb6 6. Qb3 Nxd2 7. Nxd2 Nd7 8. Qxb6 Nxb6 9. e4 e6 10. a4 Be7 11. Bd3 O-O 12. O-O c5 13. a5 Nd7 14. exd5 exd5 15. Rfe1 Re8 16. dxc5 Nxc5 17. Bb5 Bd7 18. Bxd7 Nxd7 19. Nf3 Bf6 20. Rad1 Rxe1+ 21. Nxe1 Re8 22. Kf1 d4 23. cxd4 b6 24. axb6 Nxb6 25. Nf3 Nd5 26. Bd6 Rd8 27. Bc5 Rb8 28. Rd2 a5 29. Ne5 Rb7 30. g3 h6 31. Ng4 Bg5 32. f4 h5 33. fxg5 hxg4 34. Ke2 f6 35. gxf6 gxf6 36. Kd3 Kf7 37. Re2 Kg6 38. Kc4 Rd7 39. Kb5 Rb7+ 40. Kc6 1-0

[Event "VL-2022/23"]
[Site "MVP"]
[Date "2022.10.23"]
[Round "1.5"]
[White "Kunow, Frank"]
[Black "Roeder, Phillip"]
[Result "1/2-1/2"]
[WhiteElo "1950"]
[BlackElo "2011"]
[PlyCount "116"]
[EventDate "2022.??.??"]
[EventType "team-tourn"]
[EventRounds "9"]
[EventCountry "GER"]
[WhiteTeam "SG Neubrandenburg"]
[BlackTeam "GW Wismar"]
[WhiteTeamCountry "GER"]
[BlackTeamCountry "GER"]

1. Nf3 Nf6 2. g3 d5 3. c4 c6 4. b3 g6 5. Bg2 Bg7 6. Bb2 O-O 7. O-O Nbd7 8. Qc2 Re8 9. cxd5 Nxd5 10. Bxg7 Kxg7 11. e4 N5f6 12. e5 Nd5 13. Qb2 Kg8 14. d4 Nf8 15. Nbd2 Bf5 16. Nc4 Qd7 17. Ne3 Bh3 18. Nxd5 cxd5 19. Rfc1 Bxg2 20. Kxg2 Rac8 21. Rxc8 Rxc8 22. Rc1 Rc6 23. Qa3 Ra6 24. Qb2 Ne6 25. Rc2 Rc6 26. Qc1 Qc7 27. Rxc6 bxc6 28. b4 Qb6 29. Qc3 Qb5 30. h4 h6 31. Nd2 Qe2 32. Qe3 Qb5 33. a3 a5 34. Qc3 axb4 35. axb4 Kf8 36. Nf3 Ke8 37. Qa3 Qb6 38. Qc1 Kd7 39. Qc3 Qa6 40. Qc1 Qd3 41. Qa1 Qe4 42. Qa7+ Nc7 43. Qa3 Nb5 44. Qe3 Qxe3 45. fxe3 Na3 46. Ne1 Kc7 47. Nd3 Nc2 48. Kf3 Kb6 49. e6 f6 50. Nf4 g5 51. Ng6 Kc7 52. Nxe7 Kd6 53. Nf5+ Kxe6 54. Nxh6 Nxb4 55. hxg5 fxg5 56. Ng4 Kf5 57. Nf2 Kg6 58. Ng4 Nc2 1/2-1/2

[Event "VL-2022/23"]
[Site "MVP"]
[Date "2022.10.23"]
[Round "1.6"]
[White "Junggebauer, Thomas"]
[Black "Hoerhold, Martin"]
[Result "1-0"]
[WhiteElo "1971"]
[BlackElo "1828"]
[PlyCount "65"]
[EventDate "2022.??.??"]
[EventType "team-tourn"]
[EventRounds "9"]
[EventCountry "GER"]
[WhiteTeam "GW Wismar"]
[BlackTeam "SG Neubrandenburg"]
[WhiteTeamCountry "GER"]
[BlackTeamCountry "GER"]

1. e4 e5 2. Nf3 Nc6 3. Bb5 a6 4. Ba4 Nf6 5. d3 b5 6. Bb3 h6 7. Nbd2 d6 8. c3 Be7 9. Nf1 O-O 10. Ne3 Na5 11. Bc2 c5 12. O-O Qc7 13. d4 cxd4 14. cxd4 Bb7 15. d5 Rfe8 16. b3 Bc8 17. Bd2 Ng4 18. Re1 Nxe3 19. Rxe3 Rf8 20. Rc1 Qb6 21. Qe1 Nb7 22. b4 f5 23. exf5 Bxf5 24. Rc3 Bd7 25. Rc7 Nc5 26. Rc6 Bxc6 27. bxc5 dxc5 28. dxc6 Bd6 29. Ba5 Qb8 30. Qe4 Rf6 31. c7 Qc8 32. Nxe5 Re6 33. Qh7+ 1-0

[Event "VL-2022/23"]
[Site "MVP"]
[Date "2022.10.23"]
[Round "1.7"]
[White "Pruesse, Horst"]
[Black "Podolskiy, Alexander"]
[Result "1/2-1/2"]
[WhiteElo "2044"]
[BlackElo "1970"]
[PlyCount "64"]
[EventDate "2022.??.??"]
[EventType "team-tourn"]
[EventRounds "9"]
[EventCountry "GER"]
[WhiteTeam "SG Neubrandenburg"]
[BlackTeam "GW Wismar"]
[WhiteTeamCountry "GER"]
[BlackTeamCountry "GER"]

1. d4 d5 2. Nc3 Bf5 3. e3 e6 4. Nge2 c6 5. Ng3 Bg6 6. Bd3 Bxd3 7. Qxd3 Nf6 8. e4 dxe4 9. Ncxe4 Nxe4 10. Nxe4 Nd7 11. Bf4 Nf6 12. Be5 Nxe4 13. Qxe4 Qd5 14. Qxd5 cxd5 15. O-O Rc8 16. c3 Kd7 17. Rae1 Rg8 18. Re3 g6 19. Rf3 Ke8 20. g4 Bg7 21. Re3 Bxe5 22. Rxe5 Rc6 23. f4 f5 24. g5 Kf7 25. Re3 Rh8 26. Rh3 Rb6 27. Rf2 Kg7 28. Rh6 Re8 29. h4 Re7 30. Rh2 Rc6 31. h5 gxh5 32. R6xh5 Kg8 1/2-1/2

[Event "VL-2022/23"]
[Site "MVP"]
[Date "2022.10.23"]
[Round "1.8"]
[White "Borchert, Ulf"]
[Black "Baier, Karsten"]
[Result "1/2-1/2"]
[WhiteElo "1990"]
[BlackElo "1984"]
[PlyCount "52"]
[EventDate "2022.??.??"]
[EventType "team-tourn"]
[EventRounds "9"]
[EventCountry "GER"]
[WhiteTeam "GW Wismar"]
[BlackTeam "SG Neubrandenburg"]
[WhiteTeamCountry "GER"]
[BlackTeamCountry "GER"]

1. d4 Nf6 2. Nf3 g6 3. Bg5 Bg7 4. Nc3 d6 5. Qd2 O-O 6. Bh6 Bf5 7. Bxg7 Kxg7 8. Nh4 Qc8 9. Nxf5+ Qxf5 10. f3 d5 11. g4 Qc8 12. h4 h5 13. g5 Ng8 14. Nxd5 c6 15. Nf4 Rd8 16. O-O-O e5 17. Nd3 exd4 18. Qf4 Qe6 19. Kb1 Na6 20. Bh3 Qe7 21. Rhe1 Nc7 22. e4 dxe3 23. Rxe3 Qd6 24. Rde1 Qxf4 25. Nxf4 Rd4 26. Re4 Rad8 1/2-1/2

[Event "VL-2022/23"]
[Site "MVP"]
[Date "2022.10.23"]
[Round "1.1"]
[White "Luther, Alexander"]
[Black "Tovmasyan, Minas"]
[Result "1/2-1/2"]
[WhiteElo "2081"]
[BlackElo "1931"]
[PlyCount "44"]
[EventDate "2022.??.??"]
[EventType "team-tourn"]
[EventRounds "9"]
[EventCountry "GER"]
[WhiteTeam "Guestrow/Teterow"]
[BlackTeam "Makkabi Rostock"]
[WhiteTeamCountry "GER"]
[BlackTeamCountry "GER"]

{[%evp 0,44,30,26,26,2,44,46,72,9,-7,18,43,32,32,32,37,37,34,34,37,16,12,3,11,3,-8,-10,22,-3,4,-14,-17,-21,-11,-20,-8,-47,-8,-23,-8,-28,-23,-10,-8,-10,-25]} 1. d4 Nf6 2. c4 c5 3. d5 b5 4. Qc2 bxc4 5. e4 g6 6. Nc3 d6 7. Bxc4 Bg7 8. Nf3 O-O 9. O-O Ba6 10. Bxa6 Nxa6 11. Qe2 Nc7 12. Bf4 Rb8 13. Rfe1 Qc8 14. Rad1 Qb7 15. Bc1 Nd7 16. Qe3 Ne5 17. Nxe5 Bxe5 18. Qh6 Bg7 19. Qh4 Bf6 20. Qh6 Bg7 21. Qh4 Bf6 22. Qh6 Bg7 1/2-1/2

[Event "VL-2022/23"]
[Site "MVP"]
[Date "2022.10.23"]
[Round "1.2"]
[White "Petrow, Jonas"]
[Black "Seiler, Dirk"]
[Result "1/2-1/2"]
[WhiteElo "1811"]
[BlackElo "2128"]
[PlyCount "70"]
[EventDate "2022.??.??"]
[EventType "team-tourn"]
[EventRounds "9"]
[EventCountry "GER"]
[WhiteTeam "Makkabi Rostock"]
[BlackTeam "Guestrow/Teterow"]
[WhiteTeamCountry "GER"]
[BlackTeamCountry "GER"]

1. d4 Nf6 2. c4 c5 3. d5 b5 4. cxb5 a6 5. bxa6 Bxa6 6. Nc3 g6 7. Nf3 d6 8. e4 Bxf1 9. Kxf1 Bg7 10. g3 O-O 11. Kg2 Na6 12. Re1 Nd7 13. Bf4 Qb8 14. Qe2 Rc8 15. e5 dxe5 16. Nxe5 Nxe5 17. Bxe5 Bxe5 18. Qxe5 Qxe5 19. Rxe5 Kf8 20. b3 Nb4 21. Re4 Rd8 22. Rc4 Ra5 23. Rd1 Nxa2 24. Nxa2 Rxa2 25. Rxc5 Rb2 26. Rd3 Rb8 27. Rcc3 Ke8 28. h4 h5 29. Kf3 Kd7 30. Ke3 Rb4 31. Kf3 Rb6 32. Kg2 Ra6 33. Rf3 f6 34. Rc4 Rb6 35. Rcc3 Ra6 1/2-1/2